<?xml version="1.0" encoding="UTF-8"?>
<record
    xmlns:xsi="http://www.w3.org/2001/XMLSchema-instance"
    xsi:schemaLocation="http://www.loc.gov/MARC21/slim http://www.loc.gov/standards/marcxml/schema/MARC21slim.xsd"
    xmlns="http://www.loc.gov/MARC21/slim">

  <leader>02453nam1a22004691  4500</leader>
  <controlfield tag="001">RU\NLR\A1\1196</controlfield>
  <controlfield tag="005">20260407103847.0</controlfield>
  <datafield tag="035" ind1=" " ind2=" ">
    <subfield code="a">(NLR Aleph) 009671350</subfield>
  </datafield>
  <datafield tag="090" ind1=" " ind2=" ">
    <subfield code="a">9662758</subfield>
    <subfield code="c">9662758</subfield>
  </datafield>
  <datafield tag="100" ind1=" " ind2=" ">
    <subfield code="a">19960825d1799    m  y0rusy50      ca</subfield>
  </datafield>
  <datafield tag="101" ind1="1" ind2=" ">
    <subfield code="a">rus</subfield>
    <subfield code="c">ger</subfield>
  </datafield>
  <datafield tag="102" ind1=" " ind2=" ">
    <subfield code="a">RU</subfield>
  </datafield>
  <datafield tag="140" ind1=" " ind2=" ">
    <subfield code="a">y   y            ebyaa0000  </subfield>
  </datafield>
  <datafield tag="200" ind1="1" ind2=" ">
    <subfield code="a">&#x410;&#x432;&#x435;&#x43B;&#x435;&#x432;&#x430; &#x441;&#x43C;&#x435;&#x440;&#x442;&#x44C;,</subfield>
    <subfield code="e">&#x41F;&#x43E;&#x44D;&#x43C;&#x430; &#x432; &#x43F;&#x44F;&#x442;&#x438; &#x43F;&#x435;&#x441;&#x43D;&#x44F;&#x445;,</subfield>
    <subfield code="f">&#x422;&#x432;&#x43E;&#x440;&#x435;&#x43D;&#x438;&#x44F; &#x433;. &#x413;&#x435;&#x441;&#x43D;&#x435;&#x440;&#x430;</subfield>
    <subfield code="g">[&#x41F;&#x435;&#x440;&#x435;&#x432;&#x435;&#x43B; &#x41B;.&#x410;.&#x426;&#x432;&#x435;&#x442;&#x430;&#x435;&#x432;]</subfield>
  </datafield>
  <datafield tag="205" ind1=" " ind2=" ">
    <subfield code="a">&#x41D;&#x43E;&#x432;&#x43E;&#x435; &#x438;&#x441;&#x43F;&#x440;&#x430;&#x432;&#x43B;&#x435;&#x43D;&#x43D;&#x43E;&#x435; &#x438;&#x437;&#x434;&#x430;&#x43D;&#x438;&#x435;</subfield>
  </datafield>
  <datafield tag="210" ind1=" " ind2=" ">
    <subfield code="a">&#x41C;&#x43E;&#x441;&#x43A;&#x432;&#x430;</subfield>
    <subfield code="c">&#x418;&#x436;&#x434;. &#x41A;... [&#x41A;&#x43E;&#x43B;&#x44C;&#x447;&#x443;&#x433;&#x438;&#x43D;&#x430;]</subfield>
    <subfield code="c">&#x432; &#x423;&#x43D;&#x438;&#x432;&#x435;&#x440;&#x441;&#x438;&#x442;&#x435;&#x442;&#x441;&#x43A;&#x43E;&#x439; &#x442;&#x438;&#x43F;&#x43E;&#x433;&#x440;&#x430;&#x444;&#x438;&#x438;, &#x443; &#x420;&#x438;&#x434;&#x438;&#x433;&#x435;&#x440;&#x430; &#x438; &#x41A;&#x43B;&#x430;&#x443;&#x434;&#x438;&#x44F;</subfield>
    <subfield code="d">1799</subfield>
  </datafield>
  <datafield tag="215" ind1=" " ind2=" ">
    <subfield code="d">12&#xB0;</subfield>
  </datafield>
  <datafield tag="303" ind1=" " ind2=" ">
    <subfield code="a">&#x41F;&#x43E;&#x43C;&#x438;&#x43C;&#x43E; &#x43D;&#x430;&#x431;&#x43E;&#x440;&#x43D;&#x43E;&#x433;&#x43E; &#x438;&#x43C;&#x435;&#x435;&#x442;&#x441;&#x44F; &#x442;&#x430;&#x43A;&#x436;&#x435; &#x433;&#x440;&#x430;&#x432;&#x438;&#x440;&#x43E;&#x432;&#x430;&#x43D;&#x43D;&#x44B;&#x439; &#x442;&#x438;&#x442;. &#x43B;.: "&#x410;&#x432;&#x435;&#x43B;&#x435;&#x432;&#x430; &#x441;&#x43C;&#x435;&#x440;&#x442;&#x44C; &#x43F;&#x43E;&#x44D;&#x43C;&#x430; &#x433;. &#x413;&#x435;&#x441;&#x43D;&#x435;&#x440;&#x430;"</subfield>
  </datafield>
  <datafield tag="316" ind1=" " ind2=" ">
    <subfield code="a">&#x42D;&#x43A;&#x437;. &#x41A;&#x438;&#x440;&#x41E;&#x423;&#x41D;&#x411; &#x434;&#x435;&#x444;.: &#x43E;&#x442;&#x441;&#x443;&#x442;&#x441;&#x442;&#x432;&#x443;&#x44E;&#x442; &#x444;&#x440;&#x43E;&#x43D;&#x442;. &#x438; 3 &#x43B;. &#x438;&#x43B;. &#x432; &#x447;.1 &#x438; &#x441;.337-338 &#x438; 2 &#x43B;. &#x438;&#x43B;. &#x432; &#x447;.2</subfield>
    <subfield code="5">&#x41A;&#x438;&#x440;&#x41E;&#x423;&#x41D;&#x411;</subfield>
  </datafield>
  <datafield tag="321" ind1="1" ind2=" ">
    <subfield code="a">&#x421;&#x41A; XVIII 1413</subfield>
  </datafield>
  <datafield tag="327" ind1="0" ind2=" ">
    <subfield code="a">&#x41D;&#x430; &#x43F;&#x43E;&#x441;&#x43B;&#x435;&#x434;&#x43D;&#x435;&#x439; &#x441;&#x442;&#x440;&#x430;&#x43D;&#x438;&#x446;&#x435; &#x43A;&#x43D;&#x438;&#x433;&#x43E;&#x43F;&#x440;&#x43E;&#x434;&#x430;&#x432;&#x447;&#x435;&#x441;&#x43A;&#x430;&#x44F; &#x440;&#x43E;&#x441;&#x43F;&#x438;&#x441;&#x44C; &#x41A;&#x43E;&#x43B;&#x44C;&#x447;&#x443;&#x433;&#x438;&#x43D;&#x430;</subfield>
  </datafield>
  <datafield tag="463" ind1=" " ind2="0">
    <subfield code="1">001RU\NLR\A1\1197</subfield>
    <subfield code="9">9662762</subfield>
    <subfield code="p">[4], 186 &#x441;., &#x444;&#x440;&#x43E;&#x43D;&#x442;. (&#x43F;&#x43E;&#x440;&#x442;&#x440;.), 3 &#x43B;. &#x438;&#x43B;.</subfield>
    <subfield code="t">&#x427;.1</subfield>
  </datafield>
  <datafield tag="463" ind1=" " ind2="0">
    <subfield code="1">001RU\NLR\A1\1198</subfield>
    <subfield code="9">9662766</subfield>
    <subfield code="p">[2], 187-337, [1] &#x441;., 2 &#x43B;. &#x438;&#x43B;.</subfield>
    <subfield code="t">&#x427;.2</subfield>
  </datafield>
  <datafield tag="620" ind1=" " ind2=" ">
    <subfield code="d">&#x41C;&#x43E;&#x441;&#x43A;&#x432;&#x430;</subfield>
  </datafield>
  <datafield tag="700" ind1=" " ind2="1">
    <subfield code="7">ca</subfield>
    <subfield code="8">rus</subfield>
    <subfield code="a">&#x413;&#x435;&#x441;&#x43D;&#x435;&#x440;</subfield>
    <subfield code="b">&#x421;.</subfield>
    <subfield code="f">1730-1788</subfield>
    <subfield code="g">&#x421;&#x430;&#x43B;&#x43E;&#x43C;&#x43E;&#x43D;</subfield>
    <subfield code="9">194409</subfield>
    <subfield code="3">RU\NLR\AUTH\770194460</subfield>
  </datafield>
  <datafield tag="702" ind1=" " ind2="1">
    <subfield code="4">730</subfield>
    <subfield code="8">rus</subfield>
    <subfield code="7">ca</subfield>
    <subfield code="a">&#x426;&#x432;&#x435;&#x442;&#x430;&#x435;&#x432;</subfield>
    <subfield code="b">&#x41B;. &#x410;.</subfield>
    <subfield code="f">1777-1835</subfield>
    <subfield code="g">&#x41B;&#x435;&#x432; &#x410;&#x43B;&#x435;&#x43A;&#x441;&#x435;&#x435;&#x432;&#x438;&#x447;</subfield>
    <subfield code="3">RU\NLR\AUTH\77123001</subfield>
    <subfield code="9">105926</subfield>
  </datafield>
  <datafield tag="702" ind1=" " ind2="1">
    <subfield code="6">z02790</subfield>
    <subfield code="a">&#x41A;&#x43E;&#x43B;&#x44C;&#x447;&#x443;&#x433;&#x438;&#x43D;</subfield>
    <subfield code="b">&#x41D;.&#x41D;.</subfield>
    <subfield code="f">1753-1827</subfield>
    <subfield code="g">&#x41D;&#x438;&#x43A;&#x438;&#x442;&#x430; &#x41D;&#x438;&#x43A;&#x438;&#x444;&#x43E;&#x440;&#x43E;&#x432;&#x438;&#x447;</subfield>
    <subfield code="4">400</subfield>
  </datafield>
  <datafield tag="702" ind1=" " ind2="1">
    <subfield code="4">610</subfield>
    <subfield code="7">ca</subfield>
    <subfield code="8">rus</subfield>
    <subfield code="a">&#x420;&#x438;&#x434;&#x438;&#x433;&#x435;&#x440;</subfield>
    <subfield code="b">&#x425;.</subfield>
    <subfield code="g">&#x425;&#x440;&#x438;&#x441;&#x442;&#x438;&#x430;&#x43D;</subfield>
    <subfield code="9">232514</subfield>
    <subfield code="3">RU\NLR\AUTH\770232570</subfield>
  </datafield>
  <datafield tag="702" ind1=" " ind2="1">
    <subfield code="4">610</subfield>
    <subfield code="7">ca</subfield>
    <subfield code="8">rus</subfield>
    <subfield code="a">&#x41A;&#x43B;&#x430;&#x443;&#x434;&#x438;&#x439;</subfield>
    <subfield code="b">&#x425;.&#x410;.</subfield>
    <subfield code="f">-1805</subfield>
    <subfield code="g">&#x425;&#x440;&#x438;&#x441;&#x442;&#x43E;&#x444;&#x43E;&#x440; &#x410;&#x43B;&#x435;&#x43A;&#x441;&#x430;&#x43D;&#x434;&#x440;&#x43E;&#x432;&#x438;&#x447;</subfield>
    <subfield code="9">232381</subfield>
    <subfield code="3">RU\NLR\AUTH\770232437</subfield>
  </datafield>
  <datafield tag="712" ind1="0" ind2="2">
    <subfield code="4">610</subfield>
    <subfield code="a">&#x41C;&#x43E;&#x441;&#x43A;&#x43E;&#x432;&#x441;&#x43A;&#x438;&#x439; &#x443;&#x43D;&#x438;&#x432;&#x435;&#x440;&#x441;&#x438;&#x442;&#x435;&#x442;</subfield>
    <subfield code="b">&#x422;&#x438;&#x43F;&#x43E;&#x433;&#x440;&#x430;&#x444;&#x438;&#x44F;</subfield>
    <subfield code="3">RU\NLR\AUTH\889932963</subfield>
    <subfield code="9">361140</subfield>
  </datafield>
  <datafield tag="790" ind1=" " ind2="0">
    <subfield code="6">z02702</subfield>
    <subfield code="a">&#x41A;...</subfield>
  </datafield>
  <datafield tag="801" ind1=" " ind2="0">
    <subfield code="a">RU</subfield>
    <subfield code="b">NLR</subfield>
    <subfield code="c">19960825</subfield>
  </datafield>
  <datafield tag="852" ind1=" " ind2=" ">
    <subfield code="a">NLR</subfield>
    <subfield code="j">18.133.6.5</subfield>
    <subfield code="y">&#x42D;&#x43A;&#x437;. &#x434;&#x435;&#x444;.</subfield>
  </datafield>
  <datafield tag="899" ind1=" " ind2=" ">
    <subfield code="a">&#x420;&#x413;&#x411;</subfield>
  </datafield>
  <datafield tag="899" ind1=" " ind2=" ">
    <subfield code="a">&#x411;&#x410;&#x41D;</subfield>
  </datafield>
  <datafield tag="899" ind1=" " ind2=" ">
    <subfield code="a">&#x413;&#x41F;&#x418;&#x411;</subfield>
  </datafield>
  <datafield tag="899" ind1=" " ind2=" ">
    <subfield code="a">&#x41A;&#x438;&#x440;&#x41E;&#x423;&#x41D;&#x411;</subfield>
    <subfield code="y">&#x42D;&#x43A;&#x437;. &#x434;&#x435;&#x444;.</subfield>
  </datafield>
  <datafield tag="899" ind1=" " ind2=" ">
    <subfield code="a">&#x41D;&#x411; &#x420;&#x410;&#x425;</subfield>
  </datafield>
  <datafield tag="942" ind1=" " ind2=" ">
    <subfield code="c">BOOK</subfield>
  </datafield>
  <datafield tag="980" ind1=" " ind2=" ">
    <subfield code="a">NB</subfield>
  </datafield>
  <datafield tag="980" ind1=" " ind2=" ">
    <subfield code="a">A1XVIIIv</subfield>
  </datafield>
</record>
